[Event "Sant Miquel Olerdola op 14th"]
[Site "Sant Miquel Olerdola"]
[Date "2023.05.12"]
[Round "5"]
[White "Fernandez Lopez, Mario"]
[Black "Madria Garriga, Vidal"]
[Result "0-1"]
[WhiteElo "1816"]
[BlackElo "1930"]
[PlyCount "128"]
[EventDate "2023.04.14"]
[EventType "swiss"]
[EventRounds "8"]
[EventCountry "ESP"]
[SourceTitle "EXT 2024"]
[Source "ChessBase"]
[SourceDate "2023.10.10"]
[SourceVersion "1"]
[SourceVersionDate "2023.10.10"]
[SourceQuality "1"]

1. d4 g6 2. Bf4 Bg7 3. Nc3 c5 4. d5 Qb6 5. Rb1 d6 6. e4 Nd7 7. Nf3 Qb4 8. Qd2 a6 9. a3 Bxc3 10. axb4 Bxd2+ 11. Bxd2 Ngf6 12. Bd3 c4 13. Bxc4 Nxe4 14. Be3 0-0 15. Ra1 Ne5 16. Nxe5 dxe5 17. Ke2 Nd6 18. Bb3 b5 19. Rhd1 Bb7 20. Ba2 Rfc8 21. c3 a5 22. Bc5 axb4 23. Bxb4 f5 24. Bb3 Kf7 25. Bc2 Rxa1 26. Rxa1 Bxd5 27. Bxd6 exd6 28. Ra7+ Kf6 29. Rxh7 b4 30. Kd2 bxc3+ 31. bxc3 Bxg2 32. h4 Bf3 33. Bb3 d5 34. Rb7 f4 35. Bc2 Rc6 36. Rb8 e4 37. Rf8+ Ke7 38. Rxf4 Rc8 39. Bb3 Ke6 40. Bc2 Ke5 41. Rf7 Rh8 42. Rg7 Kf6 43. Rd7 Rxh4 44. Rd6+ Kf7 45. Bb3 g5 46. Bxd5+ Ke7 47. Re6+ Kd7 48. c4 Rh1 49. Rg6 Rd1+ 50. Kc3 g4 51. Rh6 Rd3+ 52. Kb4 Rd2 53. Kc5 Rxf2 54. Rh7+ Kd8 55. Kb6 Kc8 56. c5 e3 57. Kc6 Bxd5+ 58. Kxd5 Rc2 59. c6 e2 60. Rh1 g3 61. Kd4 g2 62. Rg1 Rxc6 63. Kd3 Re6 64. Kd2 e1Q+ 0-1

[Event "Catalunya-ch"]
[Site "Vila Seca"]
[Date "2019.04.20"]
[Round "5"]
[White "Barberans Sola, Sebastian"]
[Black "Madria Garriga, Vidal"]
[Result "1/2-1/2"]
[WhiteElo "1935"]
[BlackElo "2017"]
[PlyCount "107"]
[EventDate "2019.04.18"]
[EventType "swiss"]
[EventRounds "8"]
[EventCountry "ESP"]
[SourceTitle "CBM 189 Extra"]
[Source "ChessBase"]
[SourceDate "2019.06.03"]
[SourceVersion "1"]
[SourceVersionDate "2019.06.03"]
[SourceQuality "1"]

1. d4 Nf6 2. Bf4 g6 3. e3 Bg7 4. Be2 d6 5. Nf3 0-0 6. 0-0 Nc6 7. h3 e5 8. Bh2 Ne4 9. c3 f5 10. Qb3+ Kh8 11. Rd1 Qe7 12. Re1 Rb8 13. Qa3 Qf7 14. Nfd2 a6 15. Qb3 Be6 16. Qc2 b5 17. a3 d5 18. Nf3 g5 19. Nxe5 Nxe5 20. Bxe5 Bxe5 21. dxe5 f4 22. exf4 Qxf4 23. Bf3 Bf5 24. Qe2 Bg6 25. Bxe4 dxe4 26. Nd2 Rbe8 27. Qe3 Rxe5 28. f3 Rfe8 29. Qxf4 gxf4 30. fxe4 Bxe4 31. Nxe4 Rxe4 32. Kf2 Kg7 33. Rxe4 Rxe4 34. Rd1 Rc4 35. Rd7+ Kg6 36. Kf3 h6 37. Re7 Kf5 38. Re8 a5 39. Ra8 a4 40. Rb8 c6 41. Rd8 Kg6 42. Rd6+ Kg5 43. Re6 Kh5 44. Rf6 Kg5 45. Rf8 h5 46. Rf7 Rc5 47. Rxf4 Rd5 48. h4+ Kg6 49. Ke3 Rd1 50. Rf2 Rh1 51. Rd2 Kf5 52. Rd6 Rb1 53. Rd2 Kg4 54. Rf2 1/2-1/2

[Event "Tarragona Province-ch"]
[Site "Tarragona"]
[Date "2018.11.18"]
[Round "8.5"]
[White "Madria Garriga, Vidal"]
[Black "Barberans Sola, Sebastian"]
[Result "1-0"]
[WhiteElo "1964"]
[BlackElo "1906"]
[PlyCount "33"]
[EventDate "2018.09.30"]
[EventType "swiss"]
[EventRounds "9"]
[EventCountry "ESP"]
[SourceTitle "CBM 187 Extra"]
[Source "ChessBase"]
[SourceDate "2018.11.04"]
[SourceVersion "1"]
[SourceVersionDate "2018.11.04"]
[SourceQuality "1"]

1. d4 d5 2. Bf4 c5 3. e3 Qb6 4. Nc3 Nf6 5. Nb5 Na6 6. a4 c4 7. c3 Bd7 8. b3 Bxb5 9. axb5 Qxb5 10. bxc4 dxc4 11. Rb1 Qc6 12. Nf3 b5 13. Ne5 Qd5 14. Rxb5 Qxb5 15. Bxc4 Qxc4 16. Nxc4 Nb8 17. Qf3 1-0

[Event "Vilafranca del Penedes op 12th"]
[Site "Vilafranca del Penedes"]
[Date "2018.05.11"]
[Round "6"]
[White "Madria Garriga, Vidal"]
[Black "Vila Cairo, Gerard"]
[Result "0-1"]
[WhiteElo "2012"]
[BlackElo "2057"]
[PlyCount "60"]
[EventDate "2018.04.06"]
[EventType "swiss"]
[EventRounds "8"]
[EventCountry "ESP"]
[SourceTitle "CBM 184 Extra"]
[Source "ChessBase"]
[SourceDate "2018.06.28"]
[SourceVersion "1"]
[SourceVersionDate "2018.06.28"]
[SourceQuality "1"]

1. d4 e6 2. Bf4 d5 3. e3 Bd6 4. Bg3 h5 5. f4 h4 6. Bf2 Nf6 7. Nd2 c5 8. c3 Nc6 9. Nh3 Qb6 10. Qb3 Qc7 11. a3 Bd7 12. Be2 Rc8 13. Nf3 cxd4 14. Nxd4 Nxd4 15. exd4 Bxf4 16. Nxf4 Qxf4 17. Qb4 Qe4 18. Kf1 h3 19. Rg1 hxg2+ 20. Rxg2 a6 21. Re1 Qf4 22. Kg1 Ne4 23. Bd1 Rh3 24. Qxb7 Rb8 25. Qxa6 Rxb2 26. Rf1 Nxf2 27. Rgxf2 Rxh2 28. Bf3 Qxf3 29. Kxh2 Rxf2+ 30. Rxf2 Qxf2+ 0-1

[Event "Tarragona-chA"]
[Site "Tarragona"]
[Date "2017.10.22"]
[Round "3"]
[White "Madria Garriga, Vidal"]
[Black "Cortes Simon, Pedro Antonio"]
[Result "1/2-1/2"]
[WhiteElo "2029"]
[BlackElo "1898"]
[PlyCount "82"]
[EventDate "2017.10.08"]
[EventType "swiss"]
[EventRounds "9"]
[EventCountry "ESP"]
[SourceTitle "CBM 181 Extra"]
[Source "ChessBase"]
[SourceDate "2017.12.12"]
[SourceVersion "1"]
[SourceVersionDate "2017.12.12"]
[SourceQuality "1"]

1. d4 Nf6 2. Nf3 g6 3. Nc3 d5 4. Bf4 Bg7 5. e3 Bf5 6. Ne5 c6 7. g4 Be6 8. f3 Nbd7 9. Qd2 h5 10. g5 Nh7 11. 0-0-0 Nxe5 12. dxe5 Qa5 13. a3 0-0 14. h4 Rfd8 15. Bg3 Nf8 16. Ne2 Qc7 17. f4 Bg4 18. Bh3 Bxh3 19. Rxh3 a5 20. Nd4 e6 21. Qc3 Qb6 22. Qb3 Qa6 23. Bf2 Nd7 24. Qd3 b5 25. Qe2 Nc5 26. Nb3 Ne4 27. Nd2 Nxd2 28. Rxd2 Bf8 29. e4 dxe4 30. Rxd8 Rxd8 31. Rh1 Qb7 32. Qxe4 Qd7 33. Qe2 Qd5 34. Rd1 Qxd1+ 35. Qxd1 Rxd1+ 36. Kxd1 Be7 37. Ke2 Kf8 38. Kd3 Ke8 39. Bb6 a4 40. c4 Kd7 41. Kd4 Kc8 1/2-1/2

[Event "Torredembarra op 19th"]
[Site "Torredembarra"]
[Date "2017.07.05"]
[Round "5"]
[White "Monell Camarasa, David"]
[Black "Madria Garriga, Vidal"]
[Result "1-0"]
[WhiteElo "2250"]
[BlackElo "2060"]
[PlyCount "107"]
[EventDate "2017.07.01"]
[EventType "swiss"]
[EventRounds "9"]
[EventCountry "ESP"]
[SourceTitle "CBM 179 Extra"]
[Source "ChessBase"]
[SourceDate "2017.08.23"]
[SourceVersion "1"]
[SourceVersionDate "2017.08.23"]
[SourceQuality "1"]

1. d4 Nf6 2. c4 g6 3. Nc3 Bg7 4. e4 d6 5. Nf3 Na6 6. Be2 0-0 7. 0-0 e5 8. Re1 Bg4 9. d5 Nc5 10. Qc2 a5 11. Be3 b6 12. a3 a4 13. Nd2 Bd7 14. Nb5 Ng4 15. Bxg4 Bxg4 16. f3 Bd7 17. b4 axb3 18. Nxb3 f5 19. Nxc5 bxc5 20. a4 f4 21. Bd2 g5 22. h3 h5 23. Kf1 g4 24. hxg4 hxg4 25. Ke2 Rf6 26. Rh1 Rh6 27. Rxh6 Bxh6 28. Rh1 gxf3+ 29. gxf3 Qg5 30. Qd1 Qg2+ 31. Kd3 Kh7 32. Qf1 Qxf1+ 33. Rxf1 Rxa4 34. Nxc7 Ra3+ 35. Bc3 Bh3 36. Rf2 Kg6 37. Nb5 Ra6 38. Kc2 Ra2+ 39. Bb2 Bf8 40. Kb3 Ra8 41. Bc3 Kf6 42. Rh2 Bd7 43. Rh7 Bg7 44. Nxd6 Ba4+ 45. Kb2 Kg6 46. Rh1 Rb8+ 47. Kc1 Rb3 48. Kd2 Bf6 49. Rg1+ Kh5 50. Ra1 Rb6 51. Rxa4 Rxd6 52. Ra5 Kh4 53. Rxc5 Ra6 54. Ra5 1-0

[Event "Tarragona Province-ch"]
[Site "Tarragona"]
[Date "2015.11.22"]
[Round "8"]
[White "Madria Garriga, Vidal"]
[Black "Domingo Basora, Sergi"]
[Result "1-0"]
[WhiteElo "2141"]
[BlackElo "1921"]
[PlyCount "90"]
[EventDate "2015.09.27"]
[EventType "swiss"]
[EventRounds "9"]
[EventCountry "ESP"]
[SourceTitle "EXT 2017"]
[Source "ChessBase"]
[SourceDate "2016.10.25"]
[SourceVersion "1"]
[SourceVersionDate "2016.10.25"]
[SourceQuality "1"]

1. d4 g6 2. e4 Bg7 3. Nf3 d6 4. Nc3 Bg4 5. Be3 Nd7 6. Be2 e6 7. Qd2 Ne7 8. Bh6 0-0 9. h4 d5 10. Bxg7 Kxg7 11. 0-0-0 h5 12. Ng5 Bxe2 13. Nxe2 Nf6 14. e5 Nh7 15. Nxh7 Kxh7 16. g4 hxg4 17. h5 g5 18. Qxg5 Nf5 19. Qxg4 Rg8 20. Qh3 Qg5+ 21. Kb1 Qg2 22. Qd3 Kh8 23. Rdf1 Qe4 24. Qxe4 dxe4 25. Rfg1 Kh7 26. Kc1 Kh6 27. Kd2 Rxg1 28. Rxg1 Rd8 29. Kc3 Kxh5 30. Ng3+ Kg4 31. Nxe4+ Kf3 32. Ng5+ Kxf2 33. Rd1 Rd7 34. Rd3 Ne3 35. Ne4+ Ke2 36. Rd2+ Kf3 37. Kd3 Nd5 38. Rf2+ Kg4 39. c4 Nf4+ 40. Ke3 Nh5 41. Rg2+ Kh3 42. Rg5 Nf4 43. Kxf4 Rxd4 44. b3 Kh4 45. Rg7 Kh5 1-0